|
|
|
|
| LEADER |
00000nam a2200000 a 4500 |
| 001 |
vtls010266967 |
| 003 |
SK-MaSNL |
| 005 |
20260302011703.0 |
| 008 |
240314s2010 xo f 000 0 slo |
| 015 |
|
|
|a SNBA2011/05-02809
|
| 020 |
|
|
|a 9788089234974
|q (brož.)
|
| 035 |
|
|
|a 477F5408-488B-4180-95A5-E0CD2BC19112
|
| 035 |
|
|
|a urn:nbn:sk:snk-amjheb
|
| 035 |
|
|
|a urn:nbn:sk:snk-am001xwx
|
| 040 |
|
|
|a SNK
|b slo
|c SNK
|e AACR2
|
| 041 |
0 |
|
|a slo
|
| 044 |
|
|
|a xo
|c SK
|
| 072 |
|
7 |
|a 37
|x Výchova a vzdelávanie
|2 konspekt
|
| 072 |
|
7 |
|a 007
|x Teória systémov. Automatické systémy. Kybernetika. Informačné systémy
|2 konspekt
|
| 080 |
|
|
|a 007+004
|2 2001
|
| 080 |
|
|
|a 37.03:024.5
|2 2001
|
| 080 |
|
|
|a (048.8)
|2 2001
|
| 100 |
1 |
|
|a Szőköl, Štefan
|4 aut
|9 595837
|
| 245 |
1 |
0 |
|a Modulárny systém výučby informatiky
|c Štefan Szőköl
|
| 250 |
|
|
|a 1. vyd.
|
| 260 |
|
|
|a Komárno
|b Univerzita J. Selyeho
|c 2010
|
| 300 |
|
|
|a 100 s.
|b grafy, tab.
|c 21 cm
|
| 366 |
|
|
|e 100 výt.
|
| 650 |
0 |
7 |
|a informatika
|2 SNKPH
|9 1124
|
| 650 |
0 |
7 |
|a informačná gramotnosť
|2 SNKPH
|9 79102
|
| 650 |
0 |
7 |
|a Informatics
|2 SNKPHeng
|9 267334
|
| 650 |
0 |
7 |
|a Information literacy
|2 SNKPHeng
|9 364139
|
| 655 |
|
7 |
|a monografie
|2 SNKPH
|9 70139
|
| 655 |
|
7 |
|a Monographs
|2 SNKPHeng
|9 120675
|
| 919 |
|
|
|a 978-80-89234-97-4
|
| 958 |
|
|
|a OND
|
| 968 |
|
|
|d 0
|
| 999 |
|
|
|c 1007040
|d 1008970
|
| 952 |
|
|
|a SNK
|b SNK
|y PREZ
|7 0
|p 17A0695322
|o snkSC 144753
|i snk2011/7144
|8 0
|0 0
|1 0
|4 0
|d 2011-03-29
|l 0
|r 2025-07-14 00:00:00
|w 2026-02-24
|
| 952 |
|
|
|a SNK
|b SNK
|y VYP
|7 0
|p 17A0695321
|o snkSC 144753 D1
|i snk2011/7145
|8 0
|0 0
|1 0
|4 0
|d 2011-03-29
|f 1
|l 0
|r 2026-02-24 12:39:41
|w 2026-02-24
|